Language Quiz

Random Language or Country Quiz
Score 0/15 Timer 03:00
4 Plays Today
Question Answer Wrong Answers
Portugal Portuguese
97.7%
Spanish
1.8%
French
0.3%
Catalan
0.2%
Bulgaria Bulgarian
92.1%
Russian
3.4%
Turkish
1.6%
Italian
0.3%
Israel Hebrew
88.1%
Arabic
7.5%
Greek
0.5%
Armenian
0.4%
Argentina Spanish
84.4%
Argentine
4.7%
Portuguese
7.6%
English
0.3%
Monaco French
77%
Italian
6.7%
Catalan
3.2%
Monegasque
9.5%
Nepal Nepali
76.2%
Maithili
1.5%
Hindi
14.8%
Mandarin
5.2%
Slovakia Slovak
75.3%
Czech
9.3%
Hungarian
1.5%
Slovenian
10.1%
Cyprus Greek
74.3%
Turkish
17%
English
3.3%
Arabic
2.9%
Georgia Georgian
68.6%
Armenian
7.1%
Russian
21.1%
Arabic
2.8%
Brunei Malay
67.4%
Cantonese
11.2%
Hindi
13.2%
Vietnamese
6.3%
Malta Maltese
67.1%
English
13.4%
Italian
15.6%
Latin
1.1%
Angola Portuguese
39.1%
Umbundu
6.3%
French
28.1%
Angolan
25.7%
Singapore Mandarin
35.3%
English
29.3%
Malay
30.7%
Dutch
1.5%
Zambia Bemba
30.9%
Nyanja
22.3%
Tonga
14.1%
French
28.5%
Mozambique Emakhuwa
13.9%
Xichangana
6.8%
Portuguese
33.5%
French
41.8%
Remove Ads.
Support Sporcle.
Get the best of Sporcle when you Go Orange. This ad-free experience offers more features, more stats, and more fun while also helping to support Sporcle. Thank you for becoming a member.

You're not logged in!

Compare scores with friends on all Sporcle quizzes.
OR
Log In

Show Comments

Extras

Top Quizzes Today


Score Distribution

Your Account Isn't Verified!

In order to create a playlist on Sporcle, you need to verify the email address you used during registration. Go to your Sporcle Settings to finish the process.

Report this User

Report this user for behavior that violates our Community Guidelines.

Details: